[Event "23rd OIBM 2019"]
[Site "Gmund am Tegernsee"]
[Date "2019.11.01"]
[Round "7.9"]
[White "Badelka, Olga"]
[Black "Santos Latasa, Jaime"]
[Result "0-1"]
[WhiteElo "2413"]
[BlackElo "2580"]
[Annotator "RC"]
[PlyCount "90"]
[EventDate "2019.10.17"]
[EventType "swiss"]
[EventCountry "GER"]
[SourceTitle "playchess.com"]
[Source "ChessBase"]
[SourceQuality "1"]
[TimeControl "40/5400+30:1800+30"]

1. c4 {[%emt 0:00:00]} Nf6 {[%emt 0:00:00]} 2. Nc3 {[%emt 0:00:00]} g6 {[%emt 0:00:00]} 3. g3 {[%emt 0:05:27]} Bg7 {[%emt 0:00:25]} 4. Bg2 {[%emt 0:00:03]} O-O {[%emt 0:00:08]} 5. e4 {[%emt 0:00:13]} d6 {[%emt 0:00:04]} 6. Nge2 {[%emt 0:00:50]} c5 {[%emt 0:00:10]} 7. O-O {[%emt 0:00:45]} Nc6 {[%emt 0:00:41]} 8. d3 {[%emt 0:00:28]} Bg4 {[%emt 0:00:09]} 9. h3 {[%emt 0:01:21]} Bxe2 {[%emt 0:00:33]} 10. Nxe2 {[%emt 0:00:46]} Nd7 {[%emt 0:00:43]} 11. Rb1 {[%emt 0:02:17]} Rb8 {[%emt 0:02:13]} 12. Be3 {[%emt 0:14:36]} Qc7 {[%emt 0:01:59]} 13. a3 {[%emt 0:09:04]} b5 {[%emt 0:04:00]} 14. cxb5 {[%emt 0:00:05]} Rxb5 {[%emt 0:00:13]} 15. Nc3 {[%emt 0:00:39]} Rbb8 {[%emt 0:03:29]} 16. Nd5 {[%emt 0:00:49]} Qd8 {[%emt 0:03:09]} 17. Qa4 {[%emt 0:10:55]} Rc8 {[%emt 0:01:36]} 18. b4 {[%emt 0:02:58]} e6 {[%emt 0:01:04]} 19. Nf4 {[%emt 0:00:15]} a5 {[%emt 0:07:32]} 20. bxc5 {[%emt 0:08:02]} dxc5 {[%emt 0:10:43]} 21. Ne2 {[%emt 0:01:35]} Qc7 {[%emt 0:07:13]} 22. f4 {[%emt 0:06:08]} Qd6 {[%emt 0:00:41]} 23. Rbd1 {[%emt 0:06:21]} Nd4 {[%emt 0:00:46]} 24. Bxd4 {[%emt 0:08:42]} Bxd4+ {[%emt 0:00:47]} 25. Kh2 {[%emt 0:12:29]} e5 {[%emt 0:06:31]} 26. Nxd4 {[%emt 0:00:05]} Qxd4 {[%emt 0:01:07]} 27. Qc2 {[%emt 0:00:42]} Rb8 {[%emt 0:00:36]} 28. Rd2 {[%emt 0:02:00]} a4 {[%emt 0:01:10]} 29. fxe5 {[%emt 0:00:43]} Nxe5 {[%emt 0:00:38]} 30. Rc1 {[%emt 0:02:56]} Rfc8 {[%emt 0:01:22]} 31. Qc3 {[%emt 0:00:03]} Qxc3 {[%emt 0:00:30]} 32. Rxc3 Rb3 {[%emt 0:00:05]} 33. Rdc2 {[%emt 0:01:05]} Nxd3 {[%emt 0:00:11]} 34. Bf1 {[%emt 0:00:49]} Ne5 {[%emt 0:00:08]} 35. Kg2 {[%emt 0:03:29]} Kf8 {[%emt 0:02:28]} 36. Ba6 {[%emt 0:00:17]} Rc6 {[%emt 0:03:51]} 37. Bc4 {[%emt 0:00:45]} Rxc3 {[%emt 0:03:09]} 38. Rxc3 {[%emt 0:00:02]} Rb6 39. Kf2 Ke7 {[%emt 0:00:53]} 40. Ke3 {[%emt 0:01:38]} Kd6 {[%emt 0:00:41]} 41. Bd5 {[%emt 0:04:52]} Rb2 {[%emt 0:00:57]} 42. Kf4 h6 43. h4 {[%emt 0:01:28]} Rf2+ {[%emt 0:01:17]} 44. Ke3 {[%emt 0:00:04]} Rg2 {[%emt 0:00:14]} 45. Kf4 {[%emt 0:00:29]} f6 {[%emt 0:00:05]} 0-1

[Event "23rd OIBM 2019"]
[Site "Gmund am Tegernsee"]
[Date "2019.11.01"]
[Round "7.10"]
[White "Padmini, Rout"]
[Black "Nasuta, Grzegorz"]
[Result "0-1"]
[WhiteElo "2394"]
[BlackElo "2534"]
[Annotator "TA"]
[PlyCount "112"]
[EventDate "2019.10.17"]
[EventType "swiss"]
[EventCountry "GER"]
[SourceTitle "playchess.com"]
[Source "ChessBase"]
[SourceQuality "1"]

{[%evp 14,112,9,10,15,12,8,16,16,14,14,10,37,36,38,45,36,37,38,45,100,81,96,89,102,85,111,128,108,57,94,10,9,22,110,43,56,32,41,-111,-111,-98,-107,-99,-107,-110,-100,-108,-96,-101,-105,-112,-112,-83,-108,-107,-106,-103,-70,-87,-92,-116,-109,-254,-247,-241,-174,-217,-246,-251,-259,-259,-256,-233,-227,-277,-246,-272,-268,-231,-83,-83,-8,-1239,-1211,-1078,-1194,-1187,-879,-6617,-9846,-5708,-5604,-29974,-29974,-29974,-29973,-29982,-29983,-29985,-29986]} 1. Nf3 Nf6 2. g3 d5 3. Bg2 c5 4. O-O e6 5. c4 d4 6. e3 Nc6 7. exd4 cxd4 8. d3 Bd6 {A13: English Opening: 1...e6} 9. Bg5 h6 10. Bxf6 $1 Qxf6 {The position is equal.} 11. Nbd2 {[%cal Bb1d2,Bd2b3,Bb3c5][%mdl 32]} Qe7 12. Nb3 Qf6 $146 ({Predecessor:} 12... O-O 13. Re1 Qf6 14. Nfd2 Bd7 15. a3 Rfd8 16. Ne4 {0-1 (40) Gordievsky,D (2630)-Mareco,S (2635) Hanoi 2018}) 13. Nfd2 Bc7 14. Nc5 O-O 15. Qa4 e5 16. b4 Qg6 ({Black should play} 16... Rb8 $14) 17. Ndb3 $16 a5 18. b5 $36 {[%mdl 2048] White is in control.} Nd8 19. Na6 Ne6 20. Nxc7 Nxc7 21. Nc5 ({White should try} 21. Rae1 $16) 21... Ra7 22. Qb3 (22. Qc2 $16) 22... b6 $11 23. Na4 Ne6 (23... Bb7 $1 $11) 24. c5 (24. Rae1 $16) 24... bxc5 25. b6 Re7 26. b7 $2 (26. Rae1 $14 {stays ahead.}) 26... Bxb7 $1 $17 27. Bxb7 {And now Be4 would win.} Rb8 28. Be4 Rxb3 29. Bxg6 Ra3 30. Be4 {Black must now prevent Nb2.} Rxa4 31. a3 {Hoping for Bc6.} c4 $1 32. Bc6 Nc5 33. Bxa4 Nxa4 34. dxc4 {[%mdl 4096] Endgame KRR-KRN} Nc3 35. Rfe1 e4 {[%mdl 1024] Black has strong compensation.} 36. Rac1 Rc7 37. Kg2 f5 38. f3 (38. Rc2 $17) 38... Kf7 $1 $19 ({Resist} 38... Rxc4 39. fxe4 d3 40. Rxc3 $17) 39. g4 g6 ({But not} 39... Rxc4 40. fxe4 d3 41. Rxc3 (41. Rf1 d2 $17)) 40. gxf5 gxf5 41. fxe4 fxe4 42. Re3 dxe3 43. Rxc3 {[#] KR-KR} Kf6 $1 44. Kf1 Ke5 45. Rxe3 Rxc4 46. Rh3 a4 (46... Rc1+ $19 {and Black stays clearly on top.} 47. Ke2 Rc2+ 48. Ke1 Ra2 49. Rxh6 a4) 47. Rxh6 $17 {[#]} Rc3 (47... Kf4 $1 $17 {Threatens to win with ...Rc3.} 48. Rf6+ Kg4 49. h3+ Kg3) 48. Ke2 $2 {[%mdl 8192]} (48. h4 $11) 48... Rxa3 $19 49. Ra6 Kf4 50. Rf6+ Kg5 51. Rc6 Ra1 52. Ke3 a3 {[%cal Ba4a3,Ba3a2][%mdl 32]} 53. h4+ Kf5 {Black mates.} 54. Rc5+ Ke6 55. Rc2 a2 56. Re2 Ke5 {Accuracy: White = 45%, Black = 67%.} 0-1

[Event "23rd OIBM 2019"]
[Site "Gmund am Tegernsee"]
[Date "2019.11.01"]
[Round "7.11"]
[White "Lavrinenkov, Vadim"]
[Black "Marin, Mihail"]
[Result "1/2-1/2"]
[WhiteElo "2306"]
[BlackElo "2524"]
[Annotator "TA"]
[PlyCount "69"]
[EventDate "2019.10.17"]
[EventType "swiss"]
[EventCountry "GER"]
[SourceTitle "playchess.com"]
[Source "ChessBase"]
[SourceQuality "1"]

{[%evp 12,69,44,20,10,5,16,18,12,0,0,0,0,-2,1,-22,-13,-14,-12,-24,-9,-18,-4,-19,0,0,0,0,12,0,0,-16,-36,-64,-46,-45,-39,-58,-50,-24,0,0,0,0,0,0,0,0,0,0,0,0,0,0,0,0,0,0,0,0]} 1. d4 e6 2. c4 f5 3. g3 Nf6 4. Bg2 Be7 5. Nf3 O-O 6. O-O Ne4 7. Nfd2 d5 {A92: Classical Dutch: Classical Stonewall (with ...Be7): Early deviations} 8. e3 (8. Nc3 c6 9. f3 Nxd2 10. Qxd2 dxc4 11. Rd1 b5 12. e4 Nd7 13. Qe2 Nb6 14. a3 a5 15. f4 {0-1 (38) Janik,I (2447)-Van Foreest,J (2624) Manavgat 2018}) 8... c6 9. b3 Nd7 10. Ba3 $146 ({Predecessor:} 10. Bb2 Ndf6 11. Nc3 Bd6 12. Ndxe4 fxe4 13. f3 exf3 14. Bxf3 Qe7 15. e4 dxe4 16. Nxe4 Nxe4 17. Bxe4 Rxf1+ 18. Qxf1 {1-0 (39) Maloberti,D (2115)-Westin,A (2094) IECC email 2001}) 10... b6 11. Bxe7 Qxe7 12. Qc2 Bb7 13. Nf3 Rac8 14. Nbd2 c5 15. Qb2 g5 16. Rac1 Qg7 17. Rfd1 g4 18. Ne1 cxd4 19. exd4 f4 20. Nd3 {Strongly threatening Nxe4.} fxg3 21. fxg3 Ng5 $1 22. Rf1 Nf6 23. Nf4 $1 dxc4 24. Nxc4 Bxg2 25. Qxg2 Nd5 (25... Rcd8 {feels hotter.} 26. Kh1 Rxd4 27. Ne5 Rfd8 28. Nc6 Rd2) 26. Nxe6 $1 {The position is equal.} Nxe6 27. Qxd5 Qxd4+ 28. Qxd4 Nxd4 29. Rxf8+ Rxf8 $11 {[%mdl 4096] Endgame KRN-KRN} 30. Rd1 Nf3+ 31. Kg2 Re8 {...Re2+ is the strong threat.} 32. Kf2 Rf8 33. Kg2 Re8 {Hoping for ...Re2+.} 34. Kf2 Rf8 35. Kg2 {Accuracy: White = 69%, Black = 65%.} 1/2-1/2

[Event "23rd OIBM 2019"]
[Site "Gmund am Tegernsee"]
[Date "2019.11.01"]
[Round "7.12"]
[White "Prusikin, Michael"]
[Black "Atakisi, Umut"]
[Result "1/2-1/2"]
[WhiteElo "2521"]
[BlackElo "2393"]
[Annotator "TA"]
[PlyCount "58"]
[EventDate "2019.10.17"]
[EventType "swiss"]
[EventCountry "GER"]
[SourceTitle "playchess.com"]
[Source "ChessBase"]
[SourceQuality "1"]

{[%evp 11,58,41,33,34,30,29,42,43,61,17,10,15,34,17,17,17,17,17,17,25,19,14,19,20,20,22,23,27,29,18,78,81,173,133,131,153,122,0,0,0,0,0,0,0,0,0,0,0,0]} 1. e4 c5 2. Nf3 e6 3. d4 cxd4 4. Nxd4 Nc6 5. Nc3 Qc7 6. Be3 a6 7. Qf3 {B48: Sicilian: Taimanov: 5 Nc3 Qc7 6 Be3 a6 without Be2} Ne5 8. Qg3 h5 9. Bf4 {White is slightly better.} (9. Bg5 f6 10. Bf4 Ne7 11. O-O-O Kf7 12. Bxe5 Qxe5 13. f4 h4 14. Qe3 Qc7 {1-0 (35) Ding,L (2811)-Shankland,S (2705) chess.com INT 2019}) 9... d6 10. h4 Nf6 11. O-O-O b5 {Black wants to play ...b4.} 12. Bxb5+ axb5 13. Ndxb5 Qb8 {[#]} 14. Nxd6+ $146 {[%mdl 512]} ({Predecessor:} 14. Rxd6 Bxd6 15. Nxd6+ Kf8 16. Bxe5 Ng4 17. Nxf7 Nxe5 18. Nxe5 Rh6 19. Rd1 {1-0 (19) De Boer,E (2317)-De Boer,B (2139) Dieren 2018}) 14... Bxd6 {[#]} 15. Rxd6 $1 {[%mdl 576] Remove Defender} Qxd6 16. Bxe5 Qc5 $1 (16... Qf8 $6 17. Bd6 $18) 17. b4 Qxb4 (17... Qf8 $2 18. Bd6 $18) 18. Qxg7 {[%mdl 64] Double Attack} Rg8 19. Qxf6 Ra7 20. Kd2 Rd7+ {[#]} (20... Rxg2 $11 21. Rb1 Rd7+ 22. Ke3 Qc5+ 23. Bd4 Qxd4+ 24. Qxd4 Rxd4 25. Kxd4 Rxf2) 21. Ke3 $1 $16 Qb2 (21... Qf8 $16) 22. Rb1 Qxc2 {( -> ...Rd3+)} 23. Bd4 Rc7 {White must now prevent ...Rxc3+!} 24. Nb5 (24. Rb8 $16) 24... Rc6 {The position is equal.} 25. Rb2 Qc1+ 26. Rd2 {And now Bc3 would win.} Qe1+ $1 ({Much weaker is} 26... Rc2 $6 27. Nd6+ Kd7 28. Qxf7+ Kc6 29. Nc4 $16) 27. Re2 Qc1+ 28. Rd2 {aiming for Bc3.} Qe1+ $1 ({Don't play} 28... Rc2 $6 29. Nd6+ Kd7 {[#]} 30. Nc4 $1 $16 {[%mdl 512]} (30. Qxf7+ Kc6 $16)) 29. Re2 Qc1+ {Accuracy: White = 76%, Black = 76%.} 1/2-1/2

[Event "23rd OIBM 2019"]
[Site "Gmund am Tegernsee"]
[Date "2019.11.01"]
[Round "7.13"]
[White "Ludvik, Tomas"]
[Black "Gukesh D"]
[Result "0-1"]
[WhiteElo "2305"]
[BlackElo "2520"]
[Annotator "TA"]
[PlyCount "60"]
[EventDate "2019.10.17"]
[EventType "swiss"]
[EventCountry "GER"]
[SourceTitle "playchess.com"]
[Source "ChessBase"]
[SourceQuality "1"]

{[%evp 21,62,-14,12,0,0,0,6,6,37,2,14,18,8,0,13,-26,-28,-13,-14,-62,-47,-84,-71,-77,0,-29,-15,-102,-108,-102,-101,-116,-103,-161,-160,-749,-735,-873,-861,-792,-641,-2090,-926]} 1. d4 Nf6 2. c4 e6 3. Nf3 d5 4. Nc3 c6 5. e3 Nbd7 6. Qc2 Bd6 7. Bd3 O-O 8. O-O dxc4 9. Bxc4 b5 10. Bd3 Bb7 11. a3 a5 12. Ng5 $146 {[%cal Rd3h7] D46: Semi-Slav: 5 e3 Nbd7 6 Bd3, Black avoids the Meran} (12. e4 e5 13. dxe5 Nxe5 14. Nxe5 Bxe5 15. h3 Ba6 16. Rd1 Qe7 17. Be3 b4 18. Na4 Bxd3 19. Rxd3 Nxe4 20. Qxc6 {½-½ (33) Antoniewski,R (2521)-Navara,D (2727) Poland 2018}) 12... h6 13. Nge4 Be7 14. Rd1 {The position is equal.} Qb6 15. Rb1 Nd5 16. Ng3 N5f6 17. Qe2 Rfe8 18. f4 b4 19. Na4 $1 {[%cal Ra4b6]} Qa7 20. e4 c5 ({Don't blunder} 20... Qxd4+ $2 21. Be3 $18) 21. e5 Nd5 22. f5 {[#]} Nxe5 ({Black should play} 22... Bf8 $1 $17 23. Nxc5 (23. fxe6 $2 Rxe6 24. Nxc5 Nxc5 $19) 23... Bxc5 24. dxc5 Nxc5) 23. fxe6 (23. Bb5 {seems wilder.} cxd4 24. Qxe5 Bf6 25. Qe1 Ba6 26. Bxe8 Rxe8 27. Nh5) 23... Nxd3 24. Rxd3 (24. exf7+ $11 {remains equal.} Kxf7 25. Qxd3) 24... Bf6 $36 {[%mdl 2048] Keeping White busy.} 25. Nxc5 {Black must now prevent exf7+.} Ba6 26. Nxa6 {And now Nc5 would win.} Rxe6 {[%mdl 64] Double Attack} 27. Qd1 (27. Qf1 $17 {is a better defense.} Qxa6 28. Bd2) 27... Qxa6 $19 28. Qf3 $2 (28. Rf3 $17) 28... Re1+ {Black is clearly winning.} 29. Kf2 Rae8 30. Rd1 {[#]} bxa3 {Played: Qa6-c4} 0-1

[Event "23rd OIBM 2019"]
[Site "Gmund am Tegernsee"]
[Date "2019.11.01"]
[Round "7.14"]
[White "Asadli, Vugar"]
[Black "Schuster, Karsten"]
[Result "1-0"]
[WhiteElo "2513"]
[BlackElo "2304"]
[Annotator "TA"]
[PlyCount "69"]
[EventDate "2019.10.17"]
[EventType "swiss"]
[EventCountry "GER"]
[SourceTitle "playchess.com"]
[Source "ChessBase"]
[SourceQuality "1"]

{[%evp 13,69,14,36,33,22,25,28,27,22,7,9,7,10,6,7,8,28,25,28,12,33,0,0,-10,-9,-7,0,0,16,2,37,40,83,64,63,35,35,43,60,49,37,44,82,70,210,191,351,274,460,435,466,450,1535,1512,2020,2055,4379,3295]} 1. Nf3 d5 2. g3 c6 3. Bg2 Nf6 4. c4 Bg4 5. Ne5 Be6 6. cxd5 Bxd5 7. Nf3 c5 8. Nc3 {A11: English Opening: 1...c6} Bc6 9. O-O e6 10. d3 {White has an edge.} Be7 11. e4 O-O 12. Qe2 b5 13. b3 $146 ({Predecessor:} 13. a4 b4 14. Nb1 Bb7 15. Nbd2 Nc6 {0-1 (59) Harikrishna,P (2705)-Quesada Perez,Y (2608) Havana 2013}) 13... a6 14. Rd1 Qa5 15. Bb2 Rd8 16. Rac1 Qb6 17. Rc2 Bb7 18. a3 Nc6 19. e5 Nd5 20. Ne4 Rac8 21. Rdc1 Na5 22. Nfd2 Rc7 23. h4 h6 24. Kh2 b4 25. a4 Rcd7 26. Nc4 ({Much worse is} 26. Nxc5 Bxc5 27. Rxc5 Nc3 $15) 26... Nxc4 27. Rxc4 a5 {...Ba6 would now be nice for Black.} 28. Qg4 ({Weaker is} 28. Nxc5 Bxc5 29. Rxc5 Nc3 $19) 28... Kf8 {[#]} (28... Kh8 $14) 29. d4 $1 $18 (29. Nxc5 $2 Bxc5 30. Rxc5 Nc3 $17) 29... Nc3 $2 (29... cxd4 {is a better defense.} 30. Bxd4 Qa6) 30. Nxc5 Bxc5 $2 (30... Nd5 31. Nxd7+ Rxd7) 31. dxc5 {White is clearly winning.} Qa7 32. c6 {[%mdl 64] Double Attack} Rd2 (32... Bxc6 $142 33. Rxc6 Rd2) 33. Bxc3 bxc3 34. cxb7 Rxf2 35. Qe4 {Accuracy: White = 65%, Black = 41%.} 1-0

[Event "23rd OIBM 2019"]
[Site "Gmund am Tegernsee"]
[Date "2019.11.01"]
[Round "7.15"]
[White "Vetoshko, Volodymyr"]
[Black "Meins, Gerlef"]
[Result "1/2-1/2"]
[WhiteElo "2506"]
[BlackElo "2415"]
[Annotator "TA"]
[PlyCount "55"]
[EventDate "2019.10.17"]
[EventType "swiss"]
[EventCountry "GER"]
[SourceTitle "playchess.com"]
[Source "ChessBase"]
[SourceQuality "1"]

{[%evp 18,55,2,0,14,11,21,24,63,56,75,59,78,0,0,0,0,0,0,0,0,-20,-15,-17,-15,-13,-12,-162,-168,-153,-142,-348,-354,-421,-429,-418,-409,-372,-116,-118]} 1. d4 Nf6 2. c4 e6 3. g3 d5 4. Nf3 Bb4+ 5. Bd2 Be7 6. Bg2 O-O 7. O-O c6 8. Qc2 b6 9. b3 Nbd7 10. Rd1 Bb7 {E11: Bogo-Indian} 11. Nc3 Rc8 (11... Ba6 12. e4 dxc4 13. Bf4 b5 14. bxc4 bxc4 15. h3 Qa5 16. Bd2 Qc7 17. Re1 Rfe8 18. Rac1 {½-½ (69) Cheparinov,I (2667)-Gelfand,B (2676) Hengshui 2019}) 12. e4 c5 {[%cal Rd5e4] White has an edge.} 13. exd5 $1 exd5 {[#]} 14. Be3 $1 Re8 15. dxc5 $146 (15. Ne5 $16) ({Predecessor:} 15. Ne5 Nf8 16. dxc5 Bxc5 17. Bxc5 Rxc5 18. Nd3 Rc7 19. Nf4 d4 20. Nb5 Bxg2 21. Rxd4 Be4 22. Rxd8 Bxc2 23. Rxe8 Nxe8 {1-0 (55) Munoz,L (2434)-Lacayo,R (2228) Batumi 2018}) 15... Bxc5 $11 16. Bxc5 Rxc5 17. Nh4 Qc7 18. Na4 Ra5 $36 {[%mdl 2048] Black has some pressure.} 19. Nf5 g6 20. Ne3 dxc4 21. Qxc4 Qb8 22. Bxb7 (22. Qf4 $11 {and White is okay.}) 22... Qxb7 $19 23. Qf4 Re6 24. Nc4 $2 (24. Rd6 $17 {was necessary.} Rxd6 25. Qxd6) 24... Rf5 25. Nd6 Rxd6 $1 ({Weaker is} 25... Rxf4 26. Nxb7 Rf3 27. Kg2 $11) 26. Qxd6 {And now f4 would win.} Ne5 27. Rd3 {[#]} Nf3+ $2 ({Not} 27... Nxd3 28. Qxd3 Ne4 29. f4 $15) (27... Nfg4 $1 $19 {has better winning chances.} 28. f4 Nxd3 29. Qd8+ Kg7 30. Qxd3 Rh5) 28. Rxf3 {Accuracy: White = 46%, Black = 50%.} 1/2-1/2

[Event "23rd OIBM 2019"]
[Site "Gmund am Tegernsee"]
[Date "2019.11.01"]
[Round "7.16"]
[White "Szabo, Marton Mihaly"]
[Black "Del Rio De Angelis, Salvador G."]
[Result "1/2-1/2"]
[WhiteElo "2282"]
[BlackElo "2491"]
[Annotator "TA"]
[PlyCount "79"]
[EventDate "2019.10.17"]
[EventType "swiss"]
[EventCountry "GER"]
[SourceTitle "playchess.com"]
[Source "ChessBase"]
[SourceQuality "1"]

{[%evp 10,79,-9,-3,-4,-11,-2,-4,-2,-16,-19,-10,-4,0,-12,-20,-7,-19,-15,-31,-31,-45,-60,-32,-27,-42,-17,-23,-30,-30,-31,-30,-30,-19,-25,-33,-13,-41,-55,-52,-52,-62,-6,-6,-7,-7,0,-18,-18,-19,-17,-10,0,0,0,0,0,0,0,0,0,0,0,-5,-5,-5,-7,-6,0,0,0,0]} 1. e4 e6 2. d4 d5 3. Bd3 dxe4 4. Bxe4 Nf6 5. Bf3 c5 6. Ne2 Be7 {C01: French: Exchange Variation} 7. Be3 O-O 8. Nbc3 Qc7 9. dxc5 $146 ({Predecessor:} 9. O-O Rd8 10. Nb5 Qa5 11. c4 a6 12. Nbc3 cxd4 13. Nxd4 Nbd7 14. Qe2 {½-½ (38) Onischuk,V (2594)-Berkes,F (2665) Zalakaros 2014}) 9... Rd8 10. Qc1 Bxc5 11. Bxc5 Qxc5 12. O-O Nc6 13. Rd1 Bd7 14. Qf4 e5 15. Qh4 Bf5 16. Bxc6 Qxc6 17. Qg5 Bxc2 18. Rxd8+ Rxd8 19. Qxe5 Qb6 20. Qb5 Qxb5 21. Nxb5 Rd2 22. Nbc3 g6 23. f3 Bd3 24. Nf4 Ba6 25. b3 Rc2 (25... g5 $15 26. Nh3 Rc2) 26. Ncd5 {The position is equal.} Nxd5 27. Nxd5 $11 {[%mdl 4096] Endgame KRB-KRN} Rd2 28. Nf6+ Kg7 29. Ne4 Rc2 30. Rd1 Bb5 31. Rd2 Rc1+ 32. Kf2 Bc6 33. Ng3 Kf6 34. Ne2 Rc5 35. Nd4 Bd5 36. Rc2 Rxc2+ 37. Nxc2 Ke5 38. Ke3 a5 39. Ne1 Bc6 40. Nd3+ {Accuracy: White = 63%, Black = 66%.} 1/2-1/2

[Event "23rd OIBM 2019"]
[Site "Gmund am Tegernsee"]
[Date "2019.11.01"]
[Round "7.17"]
[White "Koellner, Ruben Gideon"]
[Black "Yankelevich, Lev"]
[Result "1-0"]
[WhiteElo "2265"]
[BlackElo "2480"]
[Annotator "TA"]
[PlyCount "169"]
[EventDate "2019.10.17"]
[EventType "swiss"]
[EventCountry "GER"]
[SourceTitle "playchess.com"]
[Source "ChessBase"]
[SourceQuality "1"]

{[%evp 21,168,57,64,31,80,85,83,70,106,74,115,96,99,111,168,168,168,167,164,161,141,151,139,141,137,102,154,134,139,99,211,231,222,235,215,193,222,210,267,167,267,264,262,260,260,245,244,232,234,221,382,367,369,152,447,429,540,536,587,537,570,557,782,537,529,527,521,517,614,577,914,903,1225,1217,1184,1202,1132,969,885,845,703,656,1054,948,991,891,6107,6115,4882,2177,12839,12838,12840,12841,12843,12838,12839,12839,12844,12844,12845,12845,12848,12846,12846,12846,12847,12843,12845,12845,12845,12845,12845,12845,12845,12845,12847,12846,12847,12847,12848,12847,12847,12848,12849,12849,29991,29992,29992,12850,12851,27999,12851,27999,27999,27999,27999,27999,27999,27999,27999,27998,27999,27998,27999,27998,27999,27999,27999]} 1. d4 c5 2. d5 Nf6 3. Nc3 g6 4. e4 d6 5. Be2 Bg7 6. Nf3 O-O 7. O-O Bg4 8. Nd2 Bxe2 9. Qxe2 Na6 10. Nc4 Nc7 11. a4 Nd7 12. f4 {A43: Schmid Benoni} (12. Bf4 Ne5 13. Nxe5 dxe5 14. Be3 b6 15. a5 Qd7 16. Qc4 Rfb8 17. axb6 axb6 18. b4 cxb4 19. Qxb4 Bf8 20. Rxa8 Nxa8 {1-0 (47) Ovetchkin,R (2543)-Postny,E (2609) playchess.com INT 2006}) 12... a6 13. a5 $1 {[%cal Ba4a5,Ba5b6][%mdl 32]} Nb5 14. Na4 {White is better.} Qc7 15. c3 Rae8 16. Nab6 e6 17. Qd3 $146 ({Predecessor:} 17. Qf3 Nf6 {1-0 (40) Bajerlein,D (2044)-Knopik,K (2098) Szklarska Poreba 2017}) 17... Nxb6 (17... f5 $16 {might work better.}) 18. axb6 $18 Qe7 19. f5 $1 exf5 20. exf5 Qe4 21. Qxe4 Rxe4 22. Na5 {Strongly threatening f6.} Be5 23. f6 ({Much weaker is} 23. Nxb7 $6 Rb8 $11) 23... Rb8 ({Better is} 23... h5) 24. g3 $16 Re2 25. Nc4 h5 (25... Re4 $16) 26. Bg5 $18 Re8 27. Rf2 $1 {[%cal Rf2e2]} Re4 28. Nd2 $1 {[%cal Rd2e4]} Rg4 {[#]} 29. Nf3 $1 Ra8 30. Ra5 Rc8 {[#]} (30... Re4 $142 31. Kg2 Re8) 31. Re2 $1 Rxg5 32. Nxg5 Bxf6 33. Nf3 Kf8 34. Nd2 c4 35. Kg2 Kg7 $2 (35... Bd8 36. Ra4 Bxb6 37. Nxc4 (37. Rxc4 Nc7 $16) 37... Bd8) 36. Ra1 Be5 37. Rd1 (37. Ra4 $18 {and White stays clearly on top.}) 37... f5 $2 (37... Bxc3 $16 {keeps fighting.} 38. Re7 Bxb2) 38. Nf3 Bf6 39. h4 a5 40. Ra1 Ra8 41. Ra4 Bxc3 42. bxc3 Nxc3 43. Re7+ {[%mdl 64] Double Attack} Kf8 44. Rh7 Kg8 45. Rxc4 {Black must now prevent Rcc7.} Kxh7 46. Rxc3 {[%mdl 4096] Endgame KRN-KR} a4 47. Rc7+ {[%mdl 64] Double Attack} Kg8 48. Rxb7 Ra6 49. Nd4 a3 50. Ra7 Rxb6 51. Rxa3 Kf7 52. Ne6 Kf6 53. Re3 f4 54. Nxf4 Kf5 55. Re6 g5 56. hxg5 Kxg5 57. Kh3 h4 58. Rg6+ Kf5 59. Kxh4 Rb1 60. Rxd6 Rh1+ 61. Nh3 Rd1 62. g4+ Ke5 63. Rd8 Kf6 64. Nf4 Ke5 65. Kg5 Ra1 66. Re8+ Kd6 67. Kf6 Rf1 68. Re4 Kd7 69. g5 Ra1 70. g6 Ra8 71. Kf7 Kd6 72. g7 Rb8 73. g8=Q Rc8 74. Qg6+ Kc5 {[#]} 75. Rc4+ $3 Kxc4 76. Qa6+ Kc5 77. Qxc8+ Kd6 {White mates.} 78. Qe6+ Kc5 79. d6 Kd4 80. d7 Kc5 81. d8=R Kb5 82. Rd5+ Kb4 83. Qc6 Ka3 84. Rb5 Ka2 85. Qa6# {Accuracy: White = 72%, Black = 34%.} 1-0